| 000 | 00945pam a2200313 a 4500 | ||
|---|---|---|---|
| 001 | 2558991 | ||
| 003 | OSt | ||
| 005 | 20140310184301.0 | ||
| 008 | 950203s1995 nyua j 000 0 eng | ||
| 010 | _a 95005911 | ||
| 020 | _a0439228069 | ||
| 040 |
_aDLC _cDLC _dDLC |
||
| 042 | _alcac | ||
| 050 | 0 | 0 |
_aTL 410 _b.G53 1995 |
| 100 | 1 |
_aGibbons, Gail. _923032 |
|
| 245 | 1 | 0 |
_aBicycle book / _cGail Gibbons. |
| 250 | _a1st ed. | ||
| 260 |
_aNew York : _bHoliday House, _cc1995. |
||
| 300 |
_a1 v. (unpaged) : _bcol. ill. ; _c23 cm. |
||
| 521 |
_aG3 _bLexile |
||
| 526 | _c530 | ||
| 541 | _j1 | ||
| 562 | _e1 | ||
| 650 | 0 |
_aBicycles _xJuvenile literature. _923033 |
|
| 650 | 1 |
_aBicycles and bicycling. _923034 |
|
| 906 |
_a7 _bcbc _corignew _d1 _eocip _f19 _gy-gencatlg |
||
| 942 |
_2lcc _cBK-SCHOLAS |
||
| 999 |
_c33454 _d33454 |
||